[Event "LASS Vårturneringar"]
[Site "Linköping"]
[Date "2013.05.09"]
[Round "1"]
[White "Persson, Börje"]
[Black "Rosberg, Simon"]
[Result "0-1"]
[WhiteElo "1740"]
[BlackElo "2261"]
[PlyCount "84"]
[EventDate "2013.05.09"]
[EventType "swiss"]
[EventRounds "7"]
[EventCountry "SWE"]

1. e4 c5 2. Nf3 Nc6 3. d4 cxd4 4. Nxd4 g6 5. Nc3 Bg7 6. Be3 Nf6 7. Bc4 O-O 8.
Bb3 d6 9. f3 Bd7 10. Qd2 Qa5 11. h4 Rfc8 12. O-O-O Ne5 13. Kb1 b5 14. Ncxb5
Qxd2 15. Rxd2 Be8 16. Nc3 a5 17. a3 Rab8 18. Nd5 Nxd5 19. Bxd5 Rc3 20. Bg5 e6
21. Bb3 Rc7 22. a4 Nc4 23. Rd3 Rc5 24. Bc1 Nb6 25. Ne2 Nxa4 26. Rxd6 Rcc8 27.
h5 Nc5 28. hxg6 hxg6 29. Rhd1 Bf6 30. Ba2 Rb7 31. c3 Rcb8 32. e5 Bxe5 33. Rd8
Kg7 34. Rxb8 Rxb8 35. Bf4 Bxf4 36. Nxf4 Na4 37. Rd2 Nxc3+ 38. Ka1 Nxa2 39. Kxa2
g5 40. Ne2 Rb4 41. Nc3 g4 42. Kb1 Bc6 0-1

[Event "LASS Vårturneringar"]
[Site "Linköping"]
[Date "2013.05.09"]
[Round "1"]
[White "Ivarsson, Simon"]
[Black "Olsson, Simon"]
[Result "0-1"]
[WhiteElo "1716"]
[BlackElo "2072"]
[PlyCount "110"]
[EventDate "2013.05.09"]
[EventType "swiss"]
[EventRounds "7"]
[EventCountry "SWE"]
[TimeControl "6000+790"]
[WhiteClock "0:26:08"]
[BlackClock "0:41:39"]

1. e4 c5 2. Nf3 Nc6 3. c3 d5 4. exd5 Qxd5 5. Na3 Bg4 6. Be2 Nf6 7. O-O e6 8. h3
Bf5 9. Nc2 Bd3 10. Ne3 Qd7 11. Ne1 Bxe2 12. Qxe2 Be7 13. Nf3 O-O 14. d3 Nd5 15.
Nc2 Bf6 16. Rd1 Bxc3 17. bxc3 Nxc3 18. Qd2 Nxd1 19. Qxd1 Rfd8 20. Nce1 c4 21.
d4 Nxd4 22. Bb2 Nxf3+ 23. Qxf3 f6 24. Qe4 Qd5 25. Qe3 e5 26. Bc3 Qb5 27. Rc1
Qa6 28. Rc2 Rd1 29. Qe2 Rad8 30. Kh2 R1d5 31. g3 b5 32. Ng2 Qb7 33. Ne3 Rd3 34.
a3 Qe4 35. Bb4 f5 36. Ng2 Qxe2 37. Rxe2 Re8 38. Ra2 g5 39. Ne3 f4 40. gxf4 gxf4
41. Ng4 Kg7 42. Kg2 h5 43. Nh2 Kf6 44. Nf1 Rg8+ 45. Kh2 Rd1 46. Nd2 Kf5 47. Nf3
Ke4 48. Ne1 f3 49. Bc3 Rb1 50. Bb4 h4 51. Bc3 a5 52. Rc2 b4 53. axb4 axb4 54.
Bd2 c3 55. Bc1 Ra8 0-1

[Event "LASS Vårturneringar"]
[Site "Linköping"]
[Date "2013.05.09"]
[Round "1"]
[White "Eriksson, Ofelia"]
[Black "Pettersson, Alexander"]
[Result "0-1"]
[WhiteElo "1545"]
[BlackElo "1957"]
[PlyCount "82"]
[EventDate "2013.05.09"]
[EventType "swiss"]
[EventRounds "7"]
[EventCountry "SWE"]

1. d4 Nf6 2. Nf3 e6 3. Bf4 c5 4. c3 Nc6 5. e3 Be7 6. Bd3 O-O 7. Nbd2 cxd4 8.
exd4 b6 9. O-O Bb7 10. Re1 d6 11. Qc2 Rc8 12. Rac1 Nb4 13. Qb1 Nxd3 14. Qxd3
Qd7 15. h3 Rc7 16. Bh2 Rfc8 17. Ng5 Qc6 18. Nge4 b5 19. a3 a5 20. f3 Qb6 21.
Nb3 Bd5 22. Nbd2 Bb7 23. Nb3 Ba6 24. Qd2 Nd5 25. Kh1 b4 26. Nxa5 bxc3 27. bxc3
Qxa5 28. Nxd6 Bxd6 29. Bxd6 Rb7 30. Bb4 Qa4 31. Rc2 Nxb4 32. axb4 Bc4 33. Re3
Qc6 34. Re5 Qd6 35. Qe1 Ra8 36. Rc5 Rc7 37. Qe5 Qxe5 38. Rxe5 f6 39. Re3 Rca7
40. Re1 Ra1 41. Rec1 Bd3 0-1

[Event "LASS Vårturneringar"]
[Site "Linköping"]
[Date "2013.05.09"]
[Round "1"]
[White "Lindström, Jan"]
[Black "Pettersson, Börje"]
[Result "0-1"]
[WhiteElo "1538"]
[BlackElo "1915"]
[PlyCount "95"]
[EventDate "2013.05.09"]
[EventType "swiss"]
[EventRounds "7"]
[EventCountry "SWE"]

1. e4 g6 2. Nc3 c5 3. Bc4 Bg7 4. Nf3 d6 5. d3 Nc6 6. O-O Nf6 7. Re1 Bg4 8. Be3
a6 9. h3 Bxf3 10. gxf3 Qd7 11. Kh2 e6 12. f4 O-O 13. Qf3 Nd4 14. Bxd4 cxd4 15.
Ne2 b5 16. Bb3 Nh5 17. Rg1 Kh8 18. Ng3 Nxg3 19. fxg3 Rae8 20. a4 f5 21. axb5
axb5 22. Rge1 e5 23. Bd5 fxe4 24. Qxe4 exf4 25. Qxe8 fxg3+ 26. Kg2 Qxe8 27.
Rxe8 Rxe8 28. Kxg3 Be5+ 29. Kg4 Kg7 30. Ra7+ Kh6 31. Rf7 Rc8 32. Rf2 Rc7 33.
Bb3 Kg7 34. Kf3 Bf6 35. Re2 Rc5 36. Re4 Rh5 37. Be6 Rc5 38. Re2 b4 39. Bg4 h5
40. Bd7 Be5 41. Be6 Kf6 42. Bb3 g5 43. Ke4 g4 44. hxg4 hxg4 45. Rf2+ Kg5 46.
Be6 Bg3 47. Rf5+ Rxf5 48. Bxf5 0-1

[Event "LASS Vårturneringar"]
[Site "Linköping"]
[Date "2013.05.09"]
[Round "1"]
[White "Fransson, Claes"]
[Black "Qwarfort, Fredrik"]
[Result "0-1"]
[WhiteElo "1176"]
[BlackElo "1807"]
[PlyCount "74"]
[EventDate "2013.05.09"]
[EventType "swiss"]
[EventRounds "7"]
[EventCountry "SWE"]
[TimeControl "6000+27640"]
[WhiteClock "0:26:35"]
[BlackClock "0:30:40"]

1. d4 Nf6 2. c4 g6 3. Nf3 Bg7 4. Nc3 d5 5. cxd5 Nxd5 6. Nxd5 Qxd5 7. e3 O-O 8.
b3 c5 9. Bc4 Qd8 10. Bb2 Nc6 11. Qd2 Bg4 12. dxc5 Bxb2 13. Qxb2 Bxf3 14. gxf3
Qa5+ 15. Ke2 Qxc5 16. Rac1 Qh5 17. Bd3 Rfd8 18. Be4 Qb5+ 19. Ke1 Rac8 20. Bxc6
Rxc6 21. Rxc6 Qxc6 22. Ke2 Qb5+ 23. Ke1 Qd3 24. Qa1 Qc2 25. Kf1 Rd1+ 26. Qxd1
Qxd1+ 27. Kg2 Qc2 28. h4 h5 29. Re1 Qxa2 30. e4 Qxb3 31. f4 a5 32. f5 Qb4 33.
Re2 gxf5 34. exf5 Qxh4 35. f3 Qg5+ 36. Kh2 a4 37. Re5 Qf4+ 0-1

[Event "LASS Vårturneringar"]
[Site "Linköping"]
[Date "2013.05.09"]
[Round "2"]
[White "Pettersson, Alexander"]
[Black "Qwarfort, Fredrik"]
[Result "1/2-1/2"]
[WhiteElo "1957"]
[BlackElo "1807"]
[PlyCount "70"]
[EventDate "2013.05.09"]
[EventType "swiss"]
[EventRounds "7"]
[EventCountry "SWE"]
[TimeControl "6000+720"]
[WhiteClock "0:14:39"]
[BlackClock "0:20:10"]

1. c4 Nf6 2. Nc3 g6 3. g3 Bg7 4. Bg2 c5 5. Nf3 O-O 6. O-O Nc6 7. d3 e6 8. e4 d5
9. Qe2 d4 10. Nd1 e5 11. Ne1 Ne8 12. f4 f6 13. Nf3 a6 14. Bd2 Bd7 15. Nf2 Nd6
16. fxe5 Nxe5 17. Nxe5 fxe5 18. Ng4 Qe7 19. Nh6+ Kh8 20. Ng4 b5 21. b3 Rae8 22.
Rac1 b4 23. h4 Nf7 24. Kh2 h5 25. Nf2 Kh7 26. Bh3 Bh6 27. Bxd7 Qxd7 28. Nh3
Bxd2 29. Qxd2 Nh6 30. Ng5+ Kg7 31. Qe2 Ng4+ 32. Kg1 Rxf1+ 33. Rxf1 Rf8 34. Rxf8
Kxf8 35. Kf1 Kg7 1/2-1/2

[Event "LASS Vårturneringar"]
[Site "Linköping"]
[Date "2013.05.09"]
[Round "2"]
[White "Persson, Börje"]
[Black "Eriksson, Ofelia"]
[Result "1/2-1/2"]
[WhiteElo "1740"]
[BlackElo "1545"]
[PlyCount "65"]
[EventDate "2013.05.09"]
[EventType "swiss"]
[EventRounds "7"]
[EventCountry "SWE"]

1. e4 e5 2. Nf3 Nc6 3. Bb5 a6 4. Ba4 Nf6 5. O-O d6 6. c3 Be7 7. Re1 b5 8. Bb3
h6 9. h3 O-O 10. d4 Re8 11. Nbd2 Bf8 12. Nf1 g6 13. a4 Bb7 14. d5 Ne7 15. Qe2
c6 16. dxc6 Bxc6 17. Ng3 Qc7 18. c4 bxa4 19. Bxa4 Bxa4 20. Rxa4 a5 21. Bd2 Nc6
22. Rea1 Nd7 23. Be3 Bg7 24. Qd2 Kh7 25. h4 Red8 26. Ne1 Nb6 27. Bxb6 Qxb6 28.
Nf3 Ra7 29. h5 Bf6 30. hxg6+ fxg6 31. Nf1 Nb4 32. Ne3 Rda8 33. Nd5 1/2-1/2

[Event "LASS Vårturneringar"]
[Site "Linköping"]
[Date "2013.05.09"]
[Round "2"]
[White "Ivarsson, Simon"]
[Black "Lindström, Jan"]
[Result "1/2-1/2"]
[WhiteElo "1716"]
[BlackElo "1538"]
[PlyCount "108"]
[EventDate "2013.05.09"]
[EventType "swiss"]
[EventRounds "7"]
[EventCountry "SWE"]

1. e4 c6 2. d4 d5 3. exd5 cxd5 4. c4 Nf6 5. Nc3 Nc6 6. cxd5 Nxd5 7. Nf3 Bg4 8.
Be2 e6 9. O-O a6 10. a4 Be7 11. h3 Bh5 12. Ne5 Bxe2 13. Nxe2 Rc8 14. Nf3 O-O
15. Nf4 Ncb4 16. Qb3 a5 17. Nxd5 Qxd5 18. Qd1 Bf6 19. Be3 Rc2 20. Rb1 Rfc8 21.
Ne1 R2c6 22. Nd3 Nxd3 23. Qxd3 Bg5 24. Rfd1 Be7 25. f3 Rc4 26. Rbc1 b5 27. axb5
Qxb5 28. Rxc4 Qxc4 29. Qxc4 Rxc4 30. Rc1 Rxc1+ 31. Bxc1 Bb4 32. Kf2 Kf8 33. Ke2
Ke7 34. Kd3 Kd6 35. Bf4+ Kd5 36. g4 f6 37. Bg3 a4 38. h4 a3 39. bxa3 Bxa3 40.
Bf4 Be7 41. Bg3 Bd8 42. h5 Bb6 43. Bf2 g6 44. hxg6 hxg6 45. Be3 Ba7 46. f4 Bb6
47. f5 gxf5 48. gxf5 exf5 49. Bf2 f4 50. Ke2 Bxd4 51. Be1 Ke4 52. Bb4 f3+ 53.
Kf1 f5 54. Be7 Be3 1/2-1/2

[Event "LASS Vårturneringar"]
[Site "Linköping"]
[Date "2013.05.09"]
[Round "2"]
[White "Olsson, Simon"]
[Black "Pettersson, Börje"]
[Result "1/2-1/2"]
[WhiteElo "2072"]
[BlackElo "1915"]
[PlyCount "131"]
[EventDate "2013.05.09"]
[EventType "swiss"]
[EventRounds "7"]
[EventCountry "SWE"]

1. d4 Nf6 2. Bg5 Ne4 3. Bf4 d5 4. f3 Nf6 5. e4 dxe4 6. Nc3 Nd5 7. Nxd5 Qxd5 8.
Bxc7 Nc6 9. c3 Bf5 10. Qb3 Qd7 11. Bf4 e6 12. g4 Bg6 13. Bg2 exf3 14. Nxf3 Be7
15. Ne5 Bh4+ 16. Kd2 Nxe5 17. Bxe5 O-O 18. Qxb7 Qa4 19. Qb3 Qa6 20. Bf1 Qc6 21.
Rg1 Qf3 22. Be2 Bg5+ 23. Ke1 Qe3 24. Rg3 Bh4 25. Kf1 Bxg3 26. hxg3 Bd3 27. Bxd3
Qxd3+ 28. Kg2 Qe4+ 29. Kh3 Rfe8 30. Rf1 f6 31. Bf4 Kh8 32. Qd1 Rad8 33. Re1 Qd5
34. Qb3 e5 35. Qxd5 Rxd5 36. g5 Kg8 37. gxf6 gxf6 38. dxe5 fxe5 39. c4 Rc5 40.
Re4 a5 41. Be3 Rc6 42. c5 Kf7 43. Ra4 Rb8 44. b3 Rb5 45. Rh4 Kg7 46. Re4 Kf6
47. Rh4 Kg7 48. Re4 Re6 49. Kg4 Kg6 50. Kf3 Rb4 51. Rxb4 axb4 52. Ke4 Kf6 53.
Kd5 Ra6 54. c6 Ke7 55. Bc5+ Kd8 56. Bxb4 Rxa2 57. Kxe5 Rb2 58. Bd6 Rxb3 59. Ke6
Rd3 60. Bf4 Rc3 61. c7+ Kc8 62. Kf6 Rc6+ 63. Kg5 Rg6+ 64. Kh5 Kd7 65. g4 Rf6
66. Be5 1/2-1/2

[Event "LASS Vårturneringar"]
[Site "Linköping"]
[Date "2013.05.10"]
[Round "3"]
[White "Pettersson, Alexander"]
[Black "Fransson, Claes"]
[Result "1-0"]
[WhiteElo "1957"]
[BlackElo "1176"]
[PlyCount "69"]
[EventDate "2013.05.09"]
[EventType "swiss"]
[EventRounds "7"]
[EventCountry "SWE"]

1. c4 c5 2. g3 Nf6 3. Bg2 e6 4. Nf3 d5 5. cxd5 exd5 6. O-O Nc6 7. d4 b6 8. Nc3
Bb7 9. Bg5 Be7 10. Re1 O-O 11. h3 h6 12. Be3 Re8 13. Na4 c4 14. Nc3 Ne4 15. Nd2
Nxc3 16. bxc3 Bg5 17. Bxg5 Qxg5 18. e4 dxe4 19. Nxe4 Qg6 20. Qg4 Qxg4 21. hxg4
Re6 22. d5 Rxe4 23. Rxe4 Nd8 24. Rxc4 Ba6 25. Rc7 Nb7 26. d6 Rb8 27. d7 Nd8 28.
Re1 f6 29. Bd5+ Kh7 30. Re8 g5 31. Rxa7 Bb5 32. Ra8 Rxa8 33. Bxa8 Nc6 34. Bxc6
Bxc6 35. Re7+ 1-0

[Event "LASS Vårturneringar"]
[Site "Linköping"]
[Date "2013.05.10"]
[Round "3"]
[White "Pettersson, Börje"]
[Black "Rosberg, Simon"]
[Result "0-1"]
[WhiteElo "1915"]
[BlackElo "2261"]
[PlyCount "52"]
[EventDate "2013.05.09"]
[EventType "swiss"]
[EventRounds "7"]
[EventCountry "SWE"]

1. e4 c5 2. Nf3 e6 3. d4 cxd4 4. Nxd4 a6 5. Bd3 Bc5 6. Nb3 Be7 7. O-O d6 8. Qe2
Nd7 9. f4 Qc7 10. Be3 b6 11. a4 Ngf6 12. a5 b5 13. Nc3 Bb7 14. Bd4 e5 15. fxe5
dxe5 16. Bf2 O-O 17. Bh4 Qc6 18. Rae1 Bb4 19. Nd5 Nxd5 20. exd5 Qh6 21. Rf3
Bxe1 22. Bxe1 Qd6 23. Qe4 g6 24. Bb4 Qxd5 25. Qh4 Rfe8 26. Bf1 Qe4 0-1

[Event "LASS Vårturneringar"]
[Site "Linköping"]
[Date "2013.05.10"]
[Round "3"]
[White "Qwarfort, Fredrik"]
[Black "Olsson, Simon"]
[Result "1/2-1/2"]
[WhiteElo "1807"]
[BlackElo "2072"]
[PlyCount "115"]
[EventDate "2013.05.09"]
[EventType "swiss"]
[EventRounds "7"]
[EventCountry "SWE"]
[TimeControl "6000+1100"]
[WhiteClock "0:01:00"]
[BlackClock "0:05:53"]

1. d4 Nf6 2. c4 Nc6 3. Nf3 e6 4. g3 d5 5. Bg2 dxc4 6. Qa4 Bb4+ 7. Bd2 Nd5 8.
Bxb4 Ndxb4 9. O-O Rb8 10. Ne5 Qxd4 11. Nxc6 Nxc6 12. Bxc6+ bxc6 13. Rd1 Qc5 14.
Qc2 O-O 15. Nd2 Ba6 16. b3 Rfd8 17. Rac1 Qb4 18. Nxc4 Bxc4 19. Rxd8+ Rxd8 20.
Qxc4 Qxc4 21. Rxc4 Rd6 22. Ra4 Kf8 23. Rxa7 Rd7 24. Kf1 Ke7 25. Ke1 Kd6 26. Kd2
Kc5+ 27. Kc2 f6 28. Ra4 Rd8 29. Rc4+ Kb6 30. Rc3 Rd5 31. Re3 Rc5+ 32. Kb2 Rf5
33. f3 e5 34. g4 Rg5 35. Kc3 h5 36. h3 hxg4 37. hxg4 Rg6 38. Kd3 Rh6 39. g5 Rh4
40. gxf6 Rd4+ 41. Kc3 gxf6 42. Rd3 Rh4 43. Rd1 Rh2 44. Kd3 Rh8 45. Ke4 Rh4+ 46.
Kf5 Rf4+ 47. Ke6 c5 48. Rc1 Kb5 49. a3 c4 50. a4+ Kb4 51. Rxc4+ Rxc4 52. bxc4
Kxc4 53. Kd7 c5 54. Kc6 Kb4 55. a5 c4 56. a6 c3 57. a7 c2 58. Kd5 1/2-1/2

[Event "LASS Vårturneringar"]
[Site "Linköping"]
[Date "2013.05.10"]
[Round "3"]
[White "Lindström, Jan"]
[Black "Persson, Börje"]
[Result "0-1"]
[WhiteElo "1538"]
[BlackElo "1740"]
[PlyCount "94"]
[EventDate "2013.05.09"]
[EventType "swiss"]
[EventRounds "7"]
[EventCountry "SWE"]

1. e4 c5 2. Nf3 e6 3. c3 Nf6 4. Qc2 d6 5. Bb5+ Bd7 6. a4 a6 7. Bxd7+ Nbxd7 8.
d3 Be7 9. Bg5 O-O 10. O-O b6 11. Nbd2 Qc7 12. Rfe1 Ne5 13. h3 Ng6 14. Nh4 Nxh4
15. Bxh4 Nh5 16. Bxe7 Qxe7 17. Nf1 Nf4 18. Re3 Kh8 19. Qd2 Ng6 20. Ng3 Qd7 21.
d4 f5 22. exf5 exf5 23. Ree1 f4 24. Nf1 f3 25. g4 Nf4 26. Kh2 c4 27. Re3 Nd3
28. Kg3 d5 29. Kh2 Qd6+ 30. Ng3 Kg8 31. Rh1 g6 32. Kg1 b5 33. Rxd3 cxd3 34.
Qxd3 bxa4 35. Nf1 a3 36. bxa3 Qxa3 37. Ne3 Qa1+ 38. Kh2 Qa2 39. Kg3 a5 40. h4
Qa3 41. h5 Qd6+ 42. Kh3 gxh5 43. Rg1 Kh8 44. Rg3 Rf7 45. Nf5 hxg4+ 46. Rxg4 Qe6
47. Rg5 Raf8 0-1

[Event "LASS Vårturneringar"]
[Site "Linköping"]
[Date "2013.05.10"]
[Round "3"]
[White "Eriksson, Ofelia"]
[Black "Ivarsson, Simon"]
[Result "0-1"]
[WhiteElo "1545"]
[BlackElo "1716"]
[PlyCount "55"]
[EventDate "2013.05.09"]
[EventType "swiss"]
[EventRounds "7"]
[EventCountry "SWE"]

1. d4 Nf6 2. Nf3 g6 3. Bf4 Bg7 4. e3 d5 5. Be2 O-O 6. O-O Bf5 7. c3 Nbd7 8. h3
Nb6 9. Nbd2 Rc8 10. b4 Re8 11. Qb3 c6 12. Rfc1 Nbd7 13. Nh4 Be6 14. Bd3 Nf8 15.
a4 h6 16. Nhf3 N6d7 17. Qc2 Kh7 18. Nf1 f6 19. h4 Bf7 20. e4 e5 21. Bd2 dxe4
22. Bxe4 f5 23. Bxf5 gxf5 24. Qxf5+ Bg6 25. Qg4 Nf6 26. Qg3 exd4 27. Ne5 Nh5
28. Qg4 0-1

[Event "LASS Vårturneringar"]
[Site "Linköping"]
[Date "2013.05.10"]
[Round "4"]
[White "Ivarsson, Simon"]
[Black "Fransson, Claes"]
[Result "1-0"]
[WhiteElo "1716"]
[BlackElo "1176"]
[PlyCount "35"]
[EventDate "2013.05.09"]
[EventType "swiss"]
[EventRounds "7"]
[EventCountry "SWE"]

1. e4 e6 2. d4 d5 3. c4 dxe4 4. Nc3 Nf6 5. f3 exf3 6. Nxf3 c6 7. Bd3 Nbd7 8.
O-O Be7 9. Bg5 h6 10. Bxf6 Nxf6 11. Bc2 c5 12. d5 b6 13. Qd3 exd5 14. cxd5 O-O
15. Ne5 Bb7 16. Rxf6 Re8 17. Qh7+ Kf8 18. Rxf7# 1-0

[Event "LASS Vårturneringar"]
[Site "Linköping"]
[Date "2013.05.10"]
[Round "4"]
[White "Rosberg, Simon"]
[Black "Pettersson, Alexander"]
[Result "1-0"]
[WhiteElo "2261"]
[BlackElo "1957"]
[PlyCount "47"]
[EventDate "2013.05.09"]
[EventType "swiss"]
[EventRounds "7"]
[EventCountry "SWE"]

1. Nf3 Nf6 2. c4 c6 3. d4 d5 4. Qc2 e6 5. g3 Be7 6. Bg2 O-O 7. O-O Nbd7 8. Nbd2
b6 9. e4 Bb7 10. e5 Ne8 11. b3 Rc8 12. Bb2 c5 13. dxc5 Nxc5 14. Rfd1 Nc7 15. b4
N5a6 16. a3 Qd7 17. Ne4 h6 18. Nf6+ gxf6 19. exf6 Bd6 20. Rd4 e5 21. Rh4 Ne6
22. Qd2 Rxc4 23. Qxh6 Rxh4 24. gxh4 1-0

[Event "LASS Vårturneringar"]
[Site "Linköping"]
[Date "2013.05.10"]
[Round "4"]
[White "Olsson, Simon"]
[Black "Persson, Börje"]
[Result "1-0"]
[WhiteElo "2072"]
[BlackElo "1740"]
[PlyCount "61"]
[EventDate "2013.05.09"]
[EventType "swiss"]
[EventRounds "7"]
[EventCountry "SWE"]
[TimeControl "6000+585"]
[WhiteClock "0:35:48"]
[BlackClock "0:05:57"]

1. d4 Nf6 2. Bg5 e6 3. e4 Be7 4. e5 Nd5 5. Bd2 O-O 6. c4 Nb6 7. Bd3 f5 8. Nc3
d6 9. Qe2 Nc6 10. Nf3 dxe5 11. dxe5 Nb4 12. Bb1 Bd7 13. a3 Nc6 14. Ba2 a5 15.
O-O-O Qc8 16. h3 a4 17. g4 Na5 18. gxf5 Rxf5 19. Nd4 Rf7 20. Ne4 Qf8 21. c5
Bxc5 22. Nxe6 Bxe6 23. Bxe6 Nb3+ 24. Kb1 Nd4 25. Bxf7+ Qxf7 26. Qd3 Ne6 27. Ng5
Nxg5 28. Bxg5 h6 29. Be3 Bxe3 30. Qxe3 Qf5+ 31. Qd3 1-0

[Event "LASS Vårturneringar"]
[Site "Linköping"]
[Date "2013.05.10"]
[Round "4"]
[White "Qwarfort, Fredrik"]
[Black "Pettersson, Börje"]
[Result "0-1"]
[WhiteElo "1807"]
[BlackElo "1915"]
[PlyCount "70"]
[EventDate "2013.05.09"]
[EventType "swiss"]
[EventRounds "7"]
[EventCountry "SWE"]

1. d4 Nf6 2. c4 e6 3. Nf3 c5 4. Nc3 cxd4 5. Nxd4 Bb4 6. Bd2 a6 7. a3 Bc5 8. e3
d5 9. cxd5 Nxd5 10. b4 Bxd4 11. exd4 Nxc3 12. Bxc3 Qd5 13. Qc2 Nc6 14. Rd1 Bd7
15. Bd3 Qxg2 16. Be4 Qg4 17. h3 Qh4 18. d5 exd5 19. Bxd5 O-O-O 20. Rd2 Qh5 21.
f3 Rhe8+ 22. Kf2 Bxh3 23. Kg3 Rxd5 24. Rxh3 Qg5+ 25. Kf2 Qe3+ 26. Kg2 Rg5+ 27.
Rg3 Rxg3+ 28. Kxg3 Re6 29. Bd4 Qg5+ 30. Kf2 Qh4+ 31. Kg2 Rg6+ 32. Kf1 Qh1+ 33.
Kf2 Qg1+ 34. Ke2 Rg2+ 35. Kd3 Qxd4# 0-1

[Event "LASS Vårturneringar"]
[Site "Linköping"]
[Date "2013.05.11"]
[Round "5"]
[White "Qwarfort, Fredrik"]
[Black "Eriksson, Ofelia"]
[Result "1-0"]
[WhiteElo "1807"]
[BlackElo "1545"]
[PlyCount "91"]
[EventDate "2013.05.09"]
[EventType "swiss"]
[EventRounds "7"]
[EventCountry "SWE"]

1. d4 Nf6 2. Nf3 g6 3. g3 b6 4. Bg2 Bb7 5. O-O Bg7 6. c4 d6 7. Nc3 c5 8. d5
Nbd7 9. e4 a6 10. Bg5 Rb8 11. a4 Ng4 12. h3 Nge5 13. Nd2 Nd3 14. Qb1 Nb4 15.
Na2 Nxa2 16. Rxa2 O-O 17. Be3 Qc7 18. Qc2 a5 19. Nb1 Rbd8 20. Nc3 Ba6 21. b3
Qb8 22. Qd2 Rde8 23. f4 Rd8 24. Raa1 Qc7 25. Rae1 Qb8 26. g4 Bc8 27. Kh2 Rfe8
28. Kg3 h6 29. Bf3 Kh7 30. Rh1 Rh8 31. h4 Rdg8 32. Qd3 Re8 33. h5 Nf8 34. Rh2
Bd7 35. Reh1 Kg8 36. Ne2 Rd8 37. Bd2 Qc7 38. Bc3 f6 39. hxg6 Nxg6 40. e5 Be8
41. e6 Nf8 42. Be4 Nh7 43. Kf2 Nf8 44. Ng3 Ra8 45. Nf5 Qc8 46. Nxe7# 1-0

[Event "LASS Vårturneringar"]
[Site "Linköping"]
[Date "2013.05.11"]
[Round "5"]
[White "Olsson, Simon"]
[Black "Rosberg, Simon"]
[Result "1/2-1/2"]
[WhiteElo "2072"]
[BlackElo "2261"]
[PlyCount "46"]
[EventDate "2013.05.09"]
[EventType "swiss"]
[EventRounds "7"]
[EventCountry "SWE"]

1. d4 d5 2. e3 Nf6 3. Bd3 g6 4. f4 Bg7 5. Nf3 O-O 6. Ne5 c5 7. c3 b6 8. O-O Ba6
9. Nd2 Bxd3 10. Nxd3 Nbd7 11. Qf3 e6 12. g4 Ne8 13. Rf2 Nd6 14. Nf1 Ne4 15. Rg2
c4 16. Nf2 f5 17. Nxe4 dxe4 18. Qe2 b5 19. b3 Qa5 20. b4 Qd8 21. a4 a6 22. a5
Nf6 23. g5 Nd5 1/2-1/2

[Event "LASS Vårturneringar"]
[Site "Linköping"]
[Date "2013.05.11"]
[Round "5"]
[White "Lindström, Jan"]
[Black "Pettersson, Alexander"]
[Result "0-1"]
[WhiteElo "1538"]
[BlackElo "1957"]
[PlyCount "123"]
[EventDate "2013.05.09"]
[EventType "swiss"]
[EventRounds "7"]
[EventCountry "SWE"]
[TimeControl "6000+770"]
[WhiteClock "1:04:37"]
[BlackClock "0:05:40"]

1. Nc3 d5 2. e4 dxe4 3. Nxe4 Nd7 4. Bc4 e6 5. Qf3 Ne5 6. Qb3 Nxc4 7. Qxc4 Be7
8. d4 Nf6 9. Nxf6+ Bxf6 10. Nf3 O-O 11. Bf4 c6 12. c3 Qd5 13. Qxd5 cxd5 14. Kd2
Be7 15. h4 f6 16. Rae1 Bd7 17. Bg3 Kf7 18. Ng1 b5 19. Ne2 Rfc8 20. Rc1 a5 21.
b3 Rc6 22. f4 Rac8 23. f5 exf5 24. Nf4 Ba3 25. Rc2 Be6 26. Nxe6 Kxe6 27. Kd3
Bd6 28. Be1 g6 29. Rh3 Kf7 30. Rf3 h5 31. Bg3 Bxg3 32. Rxg3 a4 33. Re3 axb3 34.
axb3 R8c7 35. g3 Rc8 36. Re1 Re6 37. Rxe6 Kxe6 38. Re2+ Kd6 39. Rf2 Ra8 40. Rb2
Ra1 41. Rg2 Ra3 42. b4 Ra1 43. Ke3 Ke6 44. Kf3 Rf1+ 45. Ke2 Rc1 46. Kd2 Ra1 47.
Kd3 g5 48. Re2+ Kd6 49. hxg5 fxg5 50. Re5 Rg1 51. Rxf5 Rxg3+ 52. Ke2 h4 53. Kf2
g4 54. Rg5 Rf3+ 55. Kg1 Ke6 56. Rxg4 Rg3+ 57. Rxg3 hxg3 58. Kg2 Kf5 59. Kxg3
Ke4 60. Kg4 Kd3 61. Kf5 Kxc3 62. Ke5 {Kxd4+} 0-1

[Event "LASS Vårturneringar"]
[Site "Linköping"]
[Date "2013.05.11"]
[Round "5"]
[White "Pettersson, Börje"]
[Black "Fransson, Claes"]
[Result "1-0"]
[WhiteElo "1915"]
[BlackElo "1176"]
[PlyCount "49"]
[EventDate "2013.05.09"]
[EventType "swiss"]
[EventRounds "7"]
[EventCountry "SWE"]

1. e4 e6 2. d4 d5 3. Nc3 Nf6 4. Bg5 Be7 5. e5 Nfd7 6. Bxe7 Qxe7 7. f4 O-O 8.
Nf3 f5 9. exf6 Rxf6 10. Qd2 c5 11. O-O-O cxd4 12. Nxd4 Nc6 13. g3 Nxd4 14. Qxd4
Nb6 15. Bg2 Bd7 16. Rhe1 Qd6 17. Ne4 Qc7 18. Nxf6+ gxf6 19. Rd3 f5 20. g4 Na4
21. gxf5 Bb5 22. Rg3+ Kf8 23. Qh8+ Ke7 24. Rxe6+ Kf7 25. Rg7# 1-0

[Event "LASS Vårturneringar"]
[Site "Linköping"]
[Date "2013.05.11"]
[Round "5"]
[White "Persson, Börje"]
[Black "Ivarsson, Simon"]
[Result "1-0"]
[WhiteElo "1740"]
[BlackElo "1716"]
[PlyCount "43"]
[EventDate "2013.05.09"]
[EventType "swiss"]
[EventRounds "7"]
[EventCountry "SWE"]

1. e4 c5 2. Nf3 e6 3. d4 cxd4 4. Nxd4 Nf6 5. Nc3 d6 6. Bg5 a6 7. f4 Be7 8. Qf3
Qc7 9. O-O-O Bd7 10. Bd3 Nc6 11. Nb3 Rc8 12. Kb1 h6 13. Bh4 Nb4 14. Rhe1 Nxd3
15. cxd3 Bc6 16. Nd4 Nxe4 17. dxe4 Bxh4 18. Nxe6 Qa5 19. Nxg7+ Kf8 20. Qg4 Qd8
21. Nf5 Bf6 22. Rxd6 1-0

[Event "LASS Vårturneringar"]
[Site "Linköping"]
[Date "2013.05.11"]
[Round "6"]
[White "Fransson, Claes"]
[Black "Persson, Börje"]
[Result "0-1"]
[WhiteElo "1176"]
[BlackElo "1740"]
[PlyCount "68"]
[EventDate "2013.05.09"]
[EventType "swiss"]
[EventRounds "7"]
[EventCountry "SWE"]

1. d4 Nf6 2. c4 e6 3. Nf3 d5 4. Nc3 c5 5. e3 Nc6 6. cxd5 exd5 7. Bb5 cxd4 8.
Nxd4 Bd7 9. O-O Be7 10. a3 O-O 11. b4 a5 12. bxa5 Nxa5 13. a4 Qc8 14. Qd3 Bb4
15. Bxd7 Qxc3 16. Qxc3 Bxc3 17. Ra3 Bxd4 18. Bf5 Be5 19. Rd1 Rfd8 20. Rad3 g6
21. Bh3 Nc4 22. Rb3 b6 23. g3 Rxa4 24. Bg2 Ra1 25. Rb5 Bb2 26. Bxd5 Rxd5 27.
Rbxd5 Nxd5 28. Rxd5 Rxc1+ 29. Kg2 Kg7 30. Rd7 Rc2 31. Re7 Bf6 32. Re4 b5 33.
Re8 b4 34. Kf3 b3 0-1

[Event "LASS Vårturneringar"]
[Site "Linköping"]
[Date "2013.05.11"]
[Round "6"]
[White "Pettersson, Börje"]
[Black "Eriksson, Ofelia"]
[Result "1-0"]
[WhiteElo "1915"]
[BlackElo "1545"]
[PlyCount "53"]
[EventDate "2013.05.09"]
[EventType "swiss"]
[EventRounds "7"]
[EventCountry "SWE"]

1. e4 c5 2. b3 d6 3. Bb2 Nc6 4. Bb5 Bd7 5. f4 e6 6. Nf3 Nf6 7. Qe2 Be7 8. O-O
O-O 9. d3 a6 10. Bxc6 Bxc6 11. Nbd2 b5 12. Kh1 Qc7 13. e5 Nd7 14. exd6 Bxd6 15.
Ne5 Nf6 16. Nxc6 Qxc6 17. Bxf6 gxf6 18. Qg4+ Kh8 19. Qh4 Rg8 20. Qxf6+ Rg7 21.
Rf3 Rag8 22. Ne4 Be7 23. Qxe7 f5 24. Qxc5 Qxc5 25. Nxc5 Rxg2 26. Nxe6 Rxc2 27.
Ng5 1-0